000 00397nam a2200145Ia 4500
008 230917s9999||||xx |||||||||||||| ||und||
040 _e48675
_aMAIN
041 _aEnglish
082 _a823.7 D555T
100 _aDickens, Charles
245 0 _aThree novels: Oliver twoist, a tale of two bites, great expectations
260 _aLondon
_bSpringer-Verlag
_c1977
300 _a1088 p.
942 _cBK
999 _c200752
_d200752